Environmental management : (Record no. 30907)

MARC details
000 -LEADER
fixed length control field 03752nam a2200349 i 4500
003 - CONTROL NUMBER IDENTIFIER
control field EG-ScBUE
005 - DATE AND TIME OF LATEST TRANSACTION
control field 20250223100909.0
008 - FIXED-LENGTH DATA ELEMENTS--GENERAL INFORMATION
fixed length control field 200219s2024 nyub f b 001 0 eng d
020 ## - INTERNATIONAL STANDARD BOOK NUMBER
International Standard Book Number 9781032039671
040 ## - CATALOGING SOURCE
Original cataloging agency EG-ScBUE
Language of cataloging eng
Description conventions rda
Transcribing agency EG-ScBUE
Modifying agency EG-ScBUE
082 04 - DEWEY DECIMAL CLASSIFICATION NUMBER
Classification number 363.705
Edition number 22
Item number BAR
100 1# - MAIN ENTRY--PERSONAL NAME
Personal name Barrow, Christopher J.,
Relator term author.
245 10 - TITLE STATEMENT
Title Environmental management :
Remainder of title introduction, challenges, opportunities /
Statement of responsibility, etc Chris Barrow.
250 ## - EDITION STATEMENT
Edition statement Third edition.
264 #1 - PUBLICATION, DISTRIBUTION, ETC. (IMPRINT)
Place of publication, distribution, etc New York :
Name of publisher, distributor, etc Routledge, T aylor & Francis Group,
Date of publication, distribution, etc 2024.
300 ## - PHYSICAL DESCRIPTION
Extent xiv, 426 pages :
Other physical details maps ;
Dimensions 26 cm.
336 ## - CONTENT TYPE
Content type term text
Content type code txt
Source rdacontent
337 ## - MEDIA TYPE
Media type term unmediated
Media type code n
Source rdamedia
338 ## - CARRIER TYPE
Carrier type term volume
Carrier type code nc
Source rdacarrier
490 0# - SERIES STATEMENT
Series statement Routledge environmental management series
500 ## - GENERAL NOTE
General note First edition published by Routledge 1999. Second edition published by Routledge 2006.
504 ## - BIBLIOGRAPHY, ETC. NOTE
Bibliography, etc Includes bibliographical references and index.
505 0# - FORMATTED CONTENTS NOTE
Formatted contents note Part I: Introduction to environmental management -- Introduction -- Environmental management: character and goals -- Environmental management and science -- Environmental management background -- Part II: Practice -- Environmental management, business and law -- Participants in environmental management -- Environmental management approaches -- Data, standards, indicators, benchmarks, goal detting and objectives, monitoring, -- Surveillance, models and auditing -- Proactive assessment, prediction and forecasting -- Part III: Global challenges and opportunities -- Resources: character, opportunities and challenges -- Population increase, global warming, pollution, biodiversity loss and diseases -- Human and natural causes -- Part IV: Responses to global challenges and opportunities -- Mitigation, vulnerability, resilience and adaptation -- Technology and social developments -- Part V: The future -- The way ahead.
520 ## - SUMMARY, ETC.
Summary, etc "This comprehensively updated third edition explores the nature and role of environmental management and offers an introduction to this rapidly expanding and changing field. It focuses on challenges and opportunities, and core concepts including sustainable development. The book is divided into five parts: Four introductory chapters cover the justification for environmental management, its theory, scope, goals, and scientific background. Part II (Practice) explores environmental management in economics, law and business and environmental management's relation with environmentalism, international agreements and monitoring. Part III (Global Challenges and Opportunities) examines resources, challenges and opportunities, both natural and human-caused or human-aggravated. Part IV (Responses to Global Challenges and Opportunities) explores mitigation, vulnerability, resilience, adaptation, and how technology, social change and politics affect responses to challenges. The final chapter explores the way ahead for environmental management in the future. With its well-structured coverage, effective illustrations, and foundation for further, more-focused interest, this book is easily accessible to all. It is an essential reference for undergraduates and postgraduates studying environmental management and sustainability, and an important resource for many students on courses including environmental science, environmental studies, and human geography"--
Assigning source Provided by publisher.
650 #7 - SUBJECT ADDED ENTRY--TOPICAL TERM
Topical term or geographic name as entry element Environmental management.
Source of heading or term BUEsh
653 ## - INDEX TERM--UNCONTROLLED
Arrived date list February2025
Resource For college Engineering, General
655 ## - INDEX TERM--GENRE/FORM
Form subdivision Reading book
776 08 - ADDITIONAL PHYSICAL FORM ENTRY
Display text Online version:
Main entry heading Barrow, Christopher J.
Title Environmental management
Edition Third edition
Place, publisher, and date of publication New York : Routledge,
Qualifying information 2024.
International Standard Book Number 9781032023717
Record control number (DLC) 2023049454
906 ## - LOCAL DATA ELEMENT F, LDF (RLIN)
a 7
b cbc
c orignew
d 1
e ecip
f 20
g y-gencatlg
942 ## - ADDED ENTRY ELEMENTS (KOHA)
Source of classification or shelving scheme Dewey Decimal Classification
Koha item type Book - Borrowing
Holdings
Withdrawn status Lost status Source of classification or shelving scheme Damaged status Not for loan Collection code Home library Current library Shelving location Date acquired Source of acquisition Cost, normal purchase price Serial Enumeration / chronology Total Checkouts Full call number Barcode Date last seen Cost, replacement price Price effective from Koha item type
    Dewey Decimal Classification     Alahram Central Library Central Library First floor 23/02/2025 Purchase 2159.00 152   363.705 BAR 000057269 15/07/2025 2699.00 23/02/2025 Book - Borrowing